| 000 | 01087cam a2200301 i 4500 | ||
|---|---|---|---|
| 001 | 000006969 | ||
| 003 | DO-SdBNP | ||
| 005 | 20260526143441.0 | ||
| 007 | ta | ||
| 008 | 910122s1986 cu a b 001 0aspa | ||
| 040 |
_aDO-SdBNP _bspa _cBNPHU _erda |
||
| 041 | _aspa | ||
| 082 | 4 |
_a923.57293 _bG633r _222 |
|
| 100 | 1 |
_aRodríguez La O, Raúl, _eautor _4aut. _916131 |
|
| 245 | 1 | 0 |
_aMáximo Gómez : _buna vida extraordinaria / _cRaúl Rodríguez La O. ; edición, Carina Pino-Santos Navarro |
| 264 | 1 |
_aLa Habana : _bEditora Política, _c1986. |
|
| 300 |
_a88 páginas : _bilustraciones ; _c23 cm. |
||
| 336 |
_atexto _btxt _2rdacontent |
||
| 337 |
_asin mediación _bn _2rdamedia |
||
| 338 |
_avolumen _bnc _2rdacarrier |
||
| 590 | _aInventariado,2024/DG | ||
| 600 | 1 | 0 |
_aGómez, Máximo, _d1836-1905 _912249 |
| 651 | 4 |
_aCuba _xHistoria _yGuerra de los diez años, 1868-1878 _911018 |
|
| 651 | 4 |
_aCuba _xHistoria _yGuerra de independencia, 1895-1898 _911019 |
|
| 700 | 1 |
_aPino-Santos Navarro, Carina, _eeditor _4ed. _946946 |
|
| 910 | _aValidado. Control de calidad BNPHU | ||
| 942 |
_2ddc _cLBS1 |
||
| 999 |
_c6753 _d6753 |
||